Zákon Národnej rady Slovenskej republiky o vlastníctve bytov a nebytových priestorov Príloha Hospodárskych novín

Úplné znenie Zákona NR SR č. 182/1993 Z.z. o vlastníctve bytov a nebytových priestorov so zmenami a doplnkami prijatými NR SR 23.6.1995, ktoré by mali urýchliť proces privatizácie bytov a nebytových priestorov.

Salvato in:
Dettagli Bibliografici
Autore principale: Zemanová, E.
Altri autori: Hrnčár, Ivan
Natura: Capitolo di libro
Lingua:slovacco
Soggetti:
Tags: Aggiungi Tag
Nessun Tag, puoi essere il primo ad aggiungerne!!

MARC

LEADER 00000naa a2200000 4500
001 r018199
005 20221205102144.2
041 0 |a slo 
044 |a SK 
245 1 0 |a Zákon Národnej rady Slovenskej republiky o vlastníctve bytov a nebytových priestorov  |b Príloha Hospodárskych novín  |c E. Zemanová, I. Hrnčár 
520 |a Úplné znenie Zákona NR SR č. 182/1993 Z.z. o vlastníctve bytov a nebytových priestorov so zmenami a doplnkami prijatými NR SR 23.6.1995, ktoré by mali urýchliť proces privatizácie bytov a nebytových priestorov. 
610 2 0 |a zákony 
610 2 0 |a Slovensko 
610 2 0 |a 1995 
610 2 0 |a byty 
610 2 0 |a priestory nebytové 
610 2 0 |a privatizácia 
100 1 |a Zemanová, E. 
700 1 |a Hrnčár, Ivan